[Event "Champions Showdown Kings Blitz 2019-C"]
[Site "Saint Louis"]
[Date "2019.02.22"]
[Round "17"]
[White "Navara, David"]
[Black "So, Wesley"]
[Result "1-0"]
[WhiteElo "2738"]
[BlackElo "2765"]
[Annotator "TA"]
[PlyCount "95"]
[EventDate "2019.02.09"]
[EventType "match"]
[EventCountry "USA"]
[SourceTitle "playchess.com"]
[Source "ChessBase"]
[SourceQuality "1"]

{[%evp 18,95,6,4,19,0,0,0,0,0,0,0,36,27,44,36,64,49,70,54,67,65,59,66,55,54,54,25,16,12,24,22,25,20,23,14,15,25,32,29,52,0,0,0,0,0,0,0,0,-59,0,0,0,0,0,0,279,279,279,279,271,272,272,272,272,262,499,527,575,569,577,566,1639,1425,2014,5712,29995,29996,29996,29997]} 1. c4 e6 2. Nc3 Nf6 3. d4 Bb4 4. f3 d5 5. a3 Bxc3+ 6. bxc3 c5 7. cxd5 Nxd5 8. dxc5 Qa5 9. e4 Nf6 10. Be3 O-O {E25: Nimzo-Indian: Sämisch: 5...c5 6 f3 d5 7 cxd5} 11. Kf2 Nfd7 12. Ne2 Nxc5 {The position is equal.} 13. Nd4 Bd7 {[#]} 14. a4 $146 {[%cal Ba3a4,Ba4a5][%mdl 32]} ({Predecessor:} 14. Qb1 Nba6 15. Be2 Ba4 16. Ra2 Rfd8 17. Rc1 Qc7 18. Rb2 Qxh2 {0-1 (37) Morozevich,A (2715)-Fedorchuk,S (2665) Pamplona 2010}) 14... Qc7 15. a5 $36 {[%mdl 2048] White fights for an advantage.} Rd8 16. Qb1 e5 17. Nb5 Bxb5 18. Bxb5 Nbd7 19. Rd1 Nf6 20. Qb4 Rxd1 21. Rxd1 b6 $1 22. Bxc5 (22. g3 {is more complex.} h6 23. Kg2 Rc8 24. axb6 axb6 25. Rb1) 22... bxc5 23. Qa3 Rb8 24. Bc4 h6 25. Rd2 g5 26. h3 Kg7 27. Kg3 h5 28. Rd1 Kg6 29. h4 (29. Kh2 $14) 29... gxh4+ $11 30. Kxh4 Qe7 31. Kh3 h4 32. Qa4 Rd8 33. Rb1 (33. Kh2 $11) 33... Nh5 (33... Nh7 $15 34. Kh2 Qf6) 34. Qc6+ Rd6 (34... Kh7 $5 35. Rb7 $8 Qg5 36. Rxf7+ Kh8 $11) 35. Rb7 Nf4+ 36. Kh2 Rxc6 $4 {[%mdl 8192]} (36... Qd8 $1 $11 {and Black is okay.} 37. Qxc5 (37. Bxf7+ Kh6 $11) 37... Rd2 38. Bxf7+ Kh6 39. Qc6+ Rd6) 37. Rxe7 {[%mdl 4096] Endgame KRB-KRN} Rd6 38. Rxe5 ({Inferior is} 38. Bxf7+ Kf6 $11) (38. Rxa7 Rd2 $14) 38... Rd2 {[#]} 39. Bxf7+ $1 {[%mdl 512]} Kh6 {[#] Black wants to play ...h3.} (39... Kxf7 40. Rf5+) 40. Rf5 $1 {[%cal Rf5f4]} (40. Rxc5 h3 $11) 40... Nxg2 {...Ne3+ is the strong threat.} 41. Kh3 ({And not} 41. Rxc5 Nf4+ 42. Kh1 Rd1+ 43. Kh2 Rd2+ 44. Kh1 Rd1+ 45. Kh2 Rd2+ $11) 41... Ne1 $2 (41... Rf2 42. Rf6+ Kg5 43. Rf5+ Kh6 44. Rf6+ Kg5 45. Rf5+ Kh6) 42. Kxh4 $18 Rd3 43. Kg4 Rxc3 44. Bd5 Nc2 {Threatening ...Ne3+.} 45. Rf6+ Kg7 46. Kg5 Nd4 47. Rf7+ {[%mdl 64] Double Attack} Kh8 48. Kh6 {Accuracy: White = 69%, Black = 43%.} 1-0

[Event "Champions Showdown Kings Blitz 2019-C"]
[Site "Saint Louis"]
[Date "2019.02.24"]
[Round "18"]
[White "So, Wesley"]
[Black "Navara, David"]
[Result "1/2-1/2"]
[WhiteElo "2765"]
[BlackElo "2738"]
[Annotator "TA"]
[PlyCount "79"]
[EventDate "2019.02.09"]
[EventType "match"]
[EventCountry "USA"]
[SourceTitle "playchess.com"]
[Source "ChessBase"]
[SourceQuality "1"]

{[%evp 26,79,8,22,26,15,25,4,14,42,47,41,27,7,7,7,7,5,5,5,6,4,4,5,5,5,5,5,5,8,7,7,27,27,26,25,25,25,27,29,35,28,43,38,43,21,22,13,21,22,26,0,0,0,28,0]} 1. e4 c6 2. d4 d5 3. Nc3 dxe4 4. Nxe4 Bf5 5. Ng3 Bg6 6. h4 h6 7. Nf3 Nd7 8. h5 Bh7 9. Bd3 Bxd3 10. Qxd3 e6 11. Bd2 Ngf6 12. O-O-O Be7 13. Kb1 O-O 14. Ne4 c5 {B19: Classical Caro-Kann: 4...Bf5 main line} 15. g4 Nxg4 16. Qe2 Qb6 {The position is equal.} 17. Ne5 Ndxe5 18. dxe5 f5 $1 19. exf6 Nxf6 20. Rdg1 {Bxh6 is the strong threat.} (20. Nc3 Rad8 21. Rhg1 Kh8 22. Rg6 {½-½ (38) Saric,I (2662)-Nisipeanu,L (2672) Heraklio 2017}) 20... Nxe4 21. Qxe4 {[#] Rxg7+! would kill now.} Bf6 $1 {[%csl Gf6][%cal Rb6b2]} (21... Rxf2 {[#]} 22. Rxg7+ $1 {[%mdl 512]} Kxg7 23. Qg6+ Kh8 24. Qxh6+ Kg8 25. Rg1+ Bg5 26. Bxg5) 22. b3 c4 23. Bxh6 cxb3 24. axb3 Rf7 $1 $132 {[%mdl 2048] Black is fighting back} 25. Bc1 Qxf2 26. Bb2 ({Not} 26. Qxe6 $2 Qd4 $19) 26... Bxb2 27. Kxb2 {aiming for h6.} Qf5 28. Qe2 {White wants to play Rf1.} Qf2 (28... Raf8 {keeps more tension.} 29. Rg6 Rf6 30. Rg2 Qc5 31. Rd1 Qe7) 29. Qxe6 {And now h6 would win.} Qf6+ $146 30. Qxf6 Rxf6 $11 {[%mdl 4096] Endgame KRR-KRR} 31. Rg5 Kh7 32. Rd1 {Black must now prevent Rd7.} Rf7 33. Rd6 Rc8 34. c4 Re8 35. Ka3 Re3 36. Rgd5 Rff3 37. Rb5 Re7 38. Rbd5 Ree3 39. Rb5 Re7 40. Rbd5 {Accuracy: White = 79%, Black = 75%.} 1/2-1/2

[Event "Champions Showdown Kings Blitz 2019-C"]
[Site "Saint Louis"]
[Date "2019.02.22"]
[Round "19"]
[White "Navara, David"]
[Black "So, Wesley"]
[Result "1-0"]
[WhiteElo "2738"]
[BlackElo "2765"]
[Annotator "TA"]
[PlyCount "67"]
[EventDate "2019.02.09"]
[EventType "match"]
[EventCountry "USA"]
[SourceTitle "playchess.com"]
[Source "ChessBase"]
[SourceQuality "1"]

{[%evp 9,67,10,15,17,24,23,27,25,36,39,21,8,10,9,7,14,7,8,30,-10,-6,-159,-172,-172,-165,-169,-179,-172,-35,-36,0,-216,-229,-435,-460,-462,-444,-479,-52,-61,-46,-49,-56,-137,-16,-196,-174,-183,-178,-170,0,0,264,0,95,0,131,116,29998,29999]} 1. e4 e5 2. Nf3 Nc6 3. Bc4 Nf6 4. d3 Bc5 5. c3 O-O 6. a4 {C54: Giuoco Piano: 4 c3 Nf6, main lines with 5 d4 and 5 d3} d5 7. exd5 Nxd5 8. O-O {White has an edge.} a5 9. Re1 Bg4 10. h3 Bh5 11. Nbd2 {[%cal Bb1d2,Bd2e4,Be4g3][%mdl 32]} Nb6 12. Bb5 Bd6 13. Ne4 Na7 14. Ng3 Bg6 $1 15. Nxe5 $2 (15. Ne4 $11) 15... Bxe5 $17 16. Rxe5 {[#]} c6 $146 17. Be3 cxb5 18. axb5 Nd7 (18... Nac8 $19 19. Bc5 Qc7) 19. Rd5 $15 f5 20. b4 $2 (20. Qf3 $11) 20... f4 $19 21. Bc5 $2 (21. Bxa7 fxg3 22. Bd4) 21... fxg3 22. Bxf8 gxf2+ (22... Qxf8 23. Rxd7 gxf2+ 24. Kf1 $19) ({Less strong is} 22... Kxf8 23. Qf3+ Bf7 24. Rxa5 $17) 23. Kf1 Bf7 $2 {[#]} ({Not} 23... Qxf8 24. Rxd7 Re8 25. Qb3+ Kh8 26. Qd5 $19) (23... Kxf8 $2 24. Rxa5 Qc7 25. Rxd7 $19) (23... Qf6 $19 24. Bc5 Nxc5 25. Rxc5 b6) 24. Qg4 $1 $15 {[%csl Gf8][%cal Rg4g7][%mdl 512]} Qxf8 25. Rxd7 Nxb5 26. c4 {[#]} (26. Rxb7 $15 Nxc3 27. Rxa5) 26... Nc3 ({Black should play} 26... Na3 $1 $17 {[%cal Ra3c2][%mdl 512]} 27. Ra2 (27. Rxa3 Qxb4) 27... Qxb4 28. Kxf2 Rf8) 27. Rxa5 $2 (27. Rxb7 $11 {and White is okay.} Rd8 28. Qf3) 27... Rxa5 28. bxa5 Qe8 $1 {[%csl Gf2][%cal Re8e1]} 29. Kxf2 {[#]} h5 $2 ({Better is} 29... Nd1+ $1 $19 30. Kg1 Ne3) 30. Qd4 $11 {Rd8 is the strong threat.} Nd1+ $2 {[%mdl 8192] [#]} (30... Qe2+ $1 $11 31. Kg1 Qe8) 31. Kg1 $2 ({Only move:} 31. Kf3 $1 $18 Qe1 32. Rxb7) 31... Qe1+ 32. Kh2 Nf2 (32... Ne3 $11 33. Qe4 Nf1+ 34. Kg1 Ne3+ 35. Kh2 Nf1+ 36. Kg1 Ne3+ 37. Kh2) 33. Qf4 ({Of course not} 33. Rxb7 $6 Ng4+ 34. hxg4 Qh4+ {[%mdl 64] Double Attack} 35. Kg1 Qe1+ {[%mdl 64] Double Attack} 36. Kh2 Qh4+ {[%mdl 64] Double Attack} 37. Kg1 Qe1+ {[%mdl 64] Double Attack} 38. Kh2 $11) 33... Nd1 $2 {[%mdl 8192]} (33... Bg6 $16) 34. Qxf7+ {[%mdl 64] Double Attack. Accuracy: White = 38%, Black = 33%.} 1-0

[Event "Champions Showdown Kings Blitz 2019-C"]
[Site "Saint Louis"]
[Date "2019.02.22"]
[Round "20"]
[White "So, Wesley"]
[Black "Navara, David"]
[Result "1/2-1/2"]
[WhiteElo "2765"]
[BlackElo "2738"]
[Annotator "TA"]
[PlyCount "113"]
[EventDate "2019.02.09"]
[EventType "match"]
[EventCountry "USA"]
[SourceTitle "playchess.com"]
[Source "ChessBase"]
[SourceQuality "1"]

{[%evp 20,113,18,-12,6,22,12,-13,0,0,0,0,0,-2,14,13,19,23,18,16,19,16,28,36,58,12,12,12,12,12,12,12,21,12,19,12,50,12,12,12,12,12,12,12,12,12,12,0,0,0,0,0,0,0,0,0,0,0,8,8,8,8,8,8,8,8,8,8,8,8,8,8,8,0,8,8,8,8,8,8,8,8,8,8,427,427,428,0,0,0,0,0,0,0,428,99]} 1. d4 Nf6 2. c4 e6 3. Nc3 Bb4 4. e3 O-O 5. Bd3 d5 6. a3 Bxc3+ 7. bxc3 dxc4 8. Bxc4 c5 9. Ne2 Nc6 10. O-O e5 11. Bb2 Be6 {E49: Nimzo-Indian: Rubinstein: 5 Bd3 d5 6 a3 Bxc3+ 7 bxc3} (11... Na5 {with more complications.} 12. Ba2 Be6 13. Bxe6 fxe6 14. a4 Rc8) (11... Na5 12. Ba2 Be6 13. Bxe6 fxe6 14. a4 Nc4 15. Ba3 Ng4 16. h3 Nxf2 17. Rxf2 Rxf2 18. Kxf2 Qg5 19. Bc1 {½-½ (42) Rakhmanov,A (2543)-Andreikin,D (2625) Dagomys 2009}) 12. Bxe6 fxe6 13. c4 exd4 {The position is equal.} 14. exd4 cxd4 15. Nxd4 Nxd4 16. Bxd4 $146 ({Predecessor:} 16. Qxd4 Qxd4 17. Bxd4 Rfd8 18. Rfd1 Rac8 19. Bxa7 Rxd1+ 20. Rxd1 Rxc4 {½-½ (51) Milanovic,D (2462)-Arsovic,Z (2421) Bar 2015}) 16... Rc8 17. Bxa7 Qxd1 18. Rfxd1 Rxc4 19. Rab1 Rc7 20. Bb6 Rcf7 21. Rd6 Nd5 22. Rxe6 Nxb6 23. Rexb6 Rxf2 24. Rxb7 $14 {[%mdl 4096] Endgame KRR-KRR} Ra2 25. R7b3 h5 26. h3 Kh7 27. Rc3 h4 28. Rb4 g5 29. Rb7+ Kg6 30. Rc6+ Rf6 31. Rxf6+ Kxf6 $11 {KR-KR} 32. Ra7 Kf5 33. a4 Kf6 34. a5 Kg6 35. a6 {[#] Ra8 is the strong threat.} Kh6 36. Ra8 Kg7 37. a7 Kh7 38. Kf1 Kg7 39. Ke1 Kh7 40. Kd1 Kg7 41. Kc1 {[#] Threatens to win with Kb1.} Kh7 42. Kb1 Ra6 43. Kb2 Kg7 44. Kc3 {aiming for Kc4.} Ra4 45. Kd3 {Hoping for Kc3.} Kh7 46. Kc3 Kg7 47. Kb3 Ra6 48. Kb4 Ra2 49. Kc5 {Black must now prevent Kb6.} Kh7 50. Kd5 Kg7 51. Ke5 {Strongly threatening Kf5.} Re2+ $2 {[%mdl 8192]} (51... Kh7 $11 {and Black has nothing to worry.} 52. Kf5 Kg7 53. Kxg5 Ra4) 52. Kf5 $18 Rf2+ 53. Ke6 $2 (53. Kxg5 $18 Rxg2+ 54. Kxh4) 53... Re2+ $11 54. Kd7 Rd2+ 55. Ke6 Re2+ 56. Kf5 $2 {[%mdl 8192]} (56. Kd5 $11 Ra2 57. Kc4) 56... Rf2+ $18 57. Ke4 $2 {Accuracy: White = 61%, Black = 73%.} (57. Kxg5 $18 {and the rest is easy.} Rxg2+ 58. Kxh4) 1/2-1/2

[Event "Champions Showdown Kings Blitz 2019-C"]
[Site "Saint Louis"]
[Date "2019.02.22"]
[Round "21"]
[White "Navara, David"]
[Black "So, Wesley"]
[Result "1-0"]
[WhiteElo "2738"]
[BlackElo "2765"]
[Annotator "TA"]
[PlyCount "77"]
[EventDate "2019.02.09"]
[EventType "match"]
[EventCountry "USA"]
[SourceTitle "playchess.com"]
[Source "ChessBase"]
[SourceQuality "1"]

{[%evp 9,77,12,20,13,27,21,12,27,25,24,24,25,25,25,21,14,0,0,31,31,29,21,20,10,35,22,34,37,71,69,156,158,147,149,136,146,131,83,84,87,85,79,360,346,358,353,351,359,369,364,362,178,183,184,362,362,354,353,345,324,405,379,380,380,421,421,421,421,421,421]} 1. e4 e5 2. Nf3 Nc6 3. Bc4 Nf6 4. d3 Bc5 5. c3 O-O 6. a4 {C54: Giuoco Piano: 4 c3 Nf6, main lines with 5 d4 and 5 d3} (6. O-O d6 7. Re1 h6 8. Nbd2 a6 9. a4 a5 10. Nf1 Be6 11. b3 d5 12. exd5 Nxd5 13. Bd2 Bd6 14. Ng3 Re8 15. Qc2 {½-½ (145) Anand,V (2773)-So,W (2765) Kolkata 2018}) 6... d5 7. exd5 Nxd5 8. O-O {The position is equal.} a5 9. Re1 Bg4 10. Nbd2 Nb6 11. Bb5 Bd6 12. h3 Bh5 13. Ne4 Na7 (13... f5 {with more complications.} 14. Bg5 Qe8 15. Nxd6 cxd6 16. Qb3+ Kh8) 14. d4 $146 {[%mdl 2048] Black is under pressure.} Nxb5 15. axb5 exd4 16. Nxd6 Qxd6 17. Qxd4 Qxd4 18. Nxd4 Rfc8 19. Nf5 {Strongly threatening Ne7+.} Rd8 (19... Re8 $14 20. Bf4 Nd5) 20. Bf4 $16 Nd5 21. Ne7+ Kf8 22. Nxd5 Rxd5 23. c4 Rd7 24. Re5 Bd1 25. Rc5 b6 $2 {[%mdl 8192]} (25... Bb3 $16 {was worth a try.}) 26. Rxc7 $18 Rxc7 27. Bxc7 {[%mdl 4096] Endgame KRB-KRB} Bb3 {[#]} 28. c5 $1 ({Less strong is} 28. Bxb6 Bxc4 29. Bxa5 Ke8 $16) 28... bxc5 29. b6 Bd5 30. Rd1 (30. Re1 $142) 30... Bc6 {[#]} 31. Re1 $1 {Hoping for Bd6+.} f6 $2 (31... h5 {is a better defense.} 32. Bd6+ Kg8) 32. Bd6+ Kg8 33. Re7 ({Weaker is} 33. Bxc5 Rb8 $16) 33... Rd8 34. Bg3 ({Not} 34. Bxc5 Rb8 $18) 34... Kf8 35. Ra7 Rd1+ 36. Kh2 Rb1 37. b7 {White is clearly winning.} Bxb7 38. Rxb7 c4 39. Bd6+ {Accuracy: White = 87%, Black = 42%.} 1-0

[Event "Champions Showdown Kings Blitz 2019-C"]
[Site "Saint Louis"]
[Date "2019.02.24"]
[Round "22"]
[White "So, Wesley"]
[Black "Navara, David"]
[Result "0-1"]
[WhiteElo "2765"]
[BlackElo "2738"]
[Annotator "TA"]
[PlyCount "68"]
[EventDate "2019.02.09"]
[EventType "match"]
[EventCountry "USA"]
[SourceTitle "playchess.com"]
[Source "ChessBase"]
[SourceQuality "1"]

{[%evp 14,68,0,0,0,-19,0,-22,-15,-14,-19,-12,-11,-22,-23,-30,-12,-40,0,-100,-95,-106,-110,-147,-135,-202,-206,-200,-212,-333,-351,-341,-345,-359,-343,-630,-610,-594,-610,-822,-820,-799,-768,-993,-987,-843,-801,-29964,-29959,-29968,-29968,-29967,-29968,-29961,-4984,-29989,-29990]} 1. Nf3 Nf6 2. c4 c5 3. Nc3 Nc6 4. d4 cxd4 5. Nxd4 e6 6. g3 Qb6 7. Nb3 Ne5 8. e4 Bb4 {A33: Symmetrical English: 2 Nf3 Nf6 3 d4 cxd4 4 Nxd4 e6 5 Nc3 Nc6} 9. c5 Qc6 {aiming for ...Qxe4+.} 10. f3 b6 {The position is equal.} 11. Bf4 Ng6 12. Bd6 {Threatens to win with Nd4.} bxc5 {Threatening ...a5.} 13. a3 Bxc3+ $1 14. bxc3 a5 $1 $36 {[%mdl 2048] White must now prevent ...Nxe4! White is under pressure.} ({But not} 14... Nxe4 $6 15. fxe4 Qxe4+ 16. Kf2 $14) 15. e5 {[#]} Ne4 $146 ({Predecessor:} 15... Nd5 16. Bd3 {0-1 (55) Morozevich,A (2758)-Topalov,V (2771) Zug 2013}) 16. fxe4 (16. Bb5 $1 $11 Qxb5 17. fxe4) 16... Qxe4+ $17 {[%mdl 64] Double Attack} 17. Qe2 Qxh1 18. Nxc5 Bb7 $1 19. Nxb7 (19. O-O-O $17 {keeps fighting.}) 19... Qxb7 $19 20. Bg2 Qb3 $1 {[%cal Rb3c3]} 21. Qd3 (21. Rc1 $142 Rb8 22. Qe4) 21... Qb2 {[%mdl 64] Double Attack} 22. Bxa8 {Hoping for Rb1.} Qxa1+ 23. Ke2 Qb2+ 24. Kf3 $2 (24. Kd1) 24... f6 25. exf6 gxf6 26. Be4 Ne5+ 27. Bxe5 fxe5 28. Bxh7 {[%mdl 4096] Endgame KQR-KQB} Rf8+ 29. Kg4 Qxh2 30. Qg6+ Ke7 31. Qg7+ Rf7 32. Qg5+ Kd6 33. Bd3 {[#]} Qh1 (33... e4 $142 $1 34. Bb5 (34. Bxe4 Qe2+) 34... Qf2 35. Qg6 Qf3+ {[%mdl 64] Double Attack} 36. Kh4 Rf8 37. Qg7 {[#]} Rh8+ $1 {[%mdl 512]} 38. Qxh8 Qh1+ 39. Kg5 Qxh8 40. a4 Qxc3 41. g4 Qf3 42. Kh5 e3 43. Ba6 e2 44. Bxe2 Qxe2 45. Kg5 Qf3 46. Kh4 Ke5 47. Kh5 Kf6 48. Kh4 Kg6 49. g5 Kf5 50. g6 Qg4#) 34. Qe3 Rg7+ {Accuracy: White = 28%, Black = 84%.} 0-1

[Event "Champions Showdown Kings Blitz 2019-C"]
[Site "Saint Louis"]
[Date "2019.02.22"]
[Round "23"]
[White "Navara, David"]
[Black "So, Wesley"]
[Result "0-1"]
[WhiteElo "2738"]
[BlackElo "2765"]
[Annotator "TA"]
[PlyCount "134"]
[EventDate "2019.02.09"]
[EventType "match"]
[EventCountry "USA"]
[SourceTitle "playchess.com"]
[Source "ChessBase"]
[SourceQuality "1"]

{[%evp 9,134,15,23,20,38,43,43,33,44,44,62,54,75,43,52,35,48,31,33,31,77,63,98,100,164,62,68,64,69,70,61,56,67,43,63,0,21,11,82,0,20,0,0,0,0,-3,-3,-3,-3,-3,-3,-3,-3,-4,-4,-4,-4,-4,0,0,0,-23,-25,-40,0,0,0,0,0,0,0,0,0,0,0,0,5,0,0,0,0,0,8,12,14,-36,-36,-131,-36,-36,-36,-458,-454,-395,-391,-1195,-1155,-1103,-1076,-2662,-2216,-1572,-1508,-2330,-1993,-2037,-1361,-29981,-29982,-29982,-29983,-29983,-29984,-29984,-29985,-29985,-29986,-29986,-29987,-29987,-29988,-29989,-29990,-29990,-29991,-29992,-447]} 1. e4 e5 2. Nf3 Nc6 3. Bc4 Nf6 4. d3 Bc5 5. c3 O-O 6. a4 {C54: Giuoco Piano: 4 c3 Nf6, main lines with 5 d4 and 5 d3} (6. O-O d6 7. Re1 h6 8. Nbd2 a6 9. a4 a5 10. Nf1 Be6 11. b3 d5 12. exd5 Nxd5 13. Bd2 Bd6 14. Ng3 Re8 15. Qc2 {½-½ (145) Anand,V (2773)-So,W (2765) Kolkata 2018}) 6... h6 7. b4 Be7 8. O-O {White is slightly better.} d6 9. h3 Nb8 $146 ({Predecessor:} 9... d5 10. exd5 Nb8 11. Nxe5 Nbd7 12. Bf4 Nxe5 13. Bxe5 Nd7 14. Bd4 Nb6 15. Na3 Nxd5 {1-0 (34) Raines,D (1060)-Mori,R (714) LSS email 2011}) 10. Re1 c6 11. Bb3 Nbd7 12. Nbd2 Re8 13. d4 Bf8 14. Bb2 g6 15. a5 Bg7 16. Nc4 Qe7 (16... Qc7 $16 {was necessary.}) 17. dxe5 ({White should try} 17. Ba3 $18) 17... Nxe5 $14 18. Nfxe5 ({Much worse is} 18. Qxd6 Nxf3+ 19. gxf3 Bxh3 $11) 18... dxe5 19. Nd6 Rd8 {Hoping for ...Be6.} 20. Nxc8 ({Worse is} 20. Bxf7+ Kf8 $17) 20... Raxc8 21. Qf3 c5 22. Red1 (22. Ba3 $14) 22... Rxd1+ 23. Rxd1 c4 (23... h5 $11 {keeps the balance.}) 24. Ba2 (24. Ba4 $16) 24... b5 25. axb6 axb6 26. Bc1 b5 27. Bb1 Rd8 28. Be3 Rxd1+ 29. Qxd1 Qd7 30. Qe2 h5 31. Bc2 Kh7 32. Qf3 Qe6 33. Bg5 Ne8 34. Qd1 Bh6 35. Bd8 f6 36. Kf1 Kg7 37. Ke2 Qd6 38. Qxd6 Nxd6 $11 {[%mdl 4096] Endgame KBB-KBN} 39. Bc7 Ne8 40. Bb6 Kf7 41. Bc5 h4 42. g3 Nc7 43. Bd1 Ne6 44. Bb6 Ng5 {White must now prevent ...hxg3.} (44... f5 {with more complications.} 45. gxh4 fxe4 46. Be3 Nf4+ 47. Kd2 Ke6) 45. Be3 $1 Kg7 {Strongly threatening ...hxg3.} 46. Bxg5 $1 Bxg5 {KB-KB} 47. g4 Kh6 48. Bc2 {[#]} (48. Ke1 $1 $15) 48... Bf4 (48... Bc1 $1 $17 49. Kd1 Bb2) 49. Bd1 Kg5 50. Bc2 $2 {[%mdl 8192]} ({White has to play} 50. Ke1 $1 $15) 50... Bc1 $19 51. Bd1 Kf4 52. Bc2 $2 (52. Ke1 g5 53. Ke2) 52... Bb2 53. Kd2 Kf3 54. g5 fxg5 55. Bd1+ Kxf2 56. Kc2 Ba1 57. Bg4 Kg3 58. Bf5 gxf5 {Black mates.} 59. exf5 {KB-KP} g4 60. f6 gxh3 {KB-K3P} 61. f7 h2 62. f8=Q h1=Q 63. Qg7+ Kh3 64. Qd7+ {[#]} Kh2 $1 65. Qf5 Qg2+ 66. Kd1 Bxc3 {[%csl Gc3][%cal Rg2d2]} 67. Qd7 {[#]} Qd2+ $1 {Accuracy: White = 39%, Black = 56%.} 0-1

[Event "Champions Showdown Kings Blitz 2019-C"]
[Site "Saint Louis"]
[Date "2019.02.24"]
[Round "24"]
[White "So, Wesley"]
[Black "Navara, David"]
[Result "1-0"]
[WhiteElo "2765"]
[BlackElo "2738"]
[Annotator "TA"]
[PlyCount "107"]
[EventDate "2019.02.09"]
[EventType "match"]
[EventCountry "USA"]
[SourceTitle "playchess.com"]
[Source "ChessBase"]
[SourceQuality "1"]

{[%evp 9,107,-2,-2,0,0,-2,1,4,11,11,10,0,0,0,0,5,5,-8,0,-6,0,0,8,0,0,0,0,-10,26,7,54,16,20,0,3,-13,-13,-13,0,-8,35,0,0,0,5,5,9,5,5,0,10,6,27,27,27,22,22,22,27,42,56,29,72,72,97,97,158,152,131,93,158,151,152,122,185,164,268,322,296,286,603,603,591,589,778,823,1156,1148,3139,2644,2171,1615,29974,29973,29989,29990,29990,29991,29991,29992]} 1. Nf3 d5 2. b3 Bg4 3. Bb2 Nf6 4. h3 (4. e3 e6 5. d3 Be7 6. h3 Bxf3 7. Qxf3 O-O 8. g3 a5 9. a4 Bb4+ 10. c3 Bd6 11. Bg2 Nbd7 12. O-O Qe7 {1-0 (32) Nakamura,H (2746)-Sargissian,G (2689) St Petersburg 2018}) 4... Bxf3 5. exf3 e6 6. g3 {A06: Réti Opening:1 Nf3 d5} c5 $146 ({Predecessor:} 6... Nbd7 7. f4 Bd6 8. Bg2 O-O 9. O-O a5 10. a4 c6 11. d3 b5 {1-0 (49) Sahl,B-Bjork,C Muerren 1979}) 7. Bg2 Nc6 8. f4 {The position is equal.} Bd6 9. O-O O-O 10. Re1 Re8 11. c4 d4 12. d3 Qd7 13. Qf3 a5 14. a4 Re7 15. Nd2 Rae8 16. Ba3 Qc7 17. Rad1 g6 18. h4 Rd7 19. Bh3 Bf8 20. Re2 Nb4 21. Nf1 {[%cal Bd2f1,Bf1h2,Bh2f3,Bf3e5][%mdl 32]} (21. Ne4 {looks sharper.} Nxe4 22. dxe4 Qc6 23. Bg2 Rde7 24. e5) 21... Qc6 22. Nh2 Qxf3 23. Nxf3 Nc6 24. Rde1 b6 25. f5 gxf5 {[#]} 26. Bxf5 $1 {[%mdl 512]} Nb4 (26... exf5 27. Rxe8) 27. Ne5 Rc7 28. Bh3 Bd6 29. Rd1 Kg7 30. Bc1 Na2 (30... h5 {is more complex.} 31. Bf4 Rce7 32. Kh2 Rd8 33. Bg5 Rde8) 31. Rxa2 {aiming for Re2.} Bxe5 32. Re2 Bd6 33. Rde1 h6 34. g4 Nd7 35. Kg2 Nf8 {[#]} 36. h5 $1 Nh7 37. f4 Rce7 ({Black should try} 37... Nf6) 38. g5 $16 f5 39. Kf3 Kh8 (39... Nf8 $142) 40. Bd2 Kg7 41. Rg2 Kh8 (41... Nf8 $16 42. Reg1 Rf7) 42. gxh6 $18 Rg8 (42... Nf6 {was worth a try.} 43. Rg5 Rh7) 43. Rg6 Nf8 44. Rf6 Kh7 $2 {[#]} (44... Rd7 45. Rexe6 Nxe6) 45. Bxf5+ $1 {[%mdl 512]} exf5 46. Rxd6 Rxe1 47. Bxe1 {[%mdl 4096] Endgame KRB-KRN} Rg1 48. Bh4 Rh1 49. Be7 Rh3+ 50. Kf2 Rxd3 51. Bxf8 {White mates.} Rxb3 52. Rd7+ Kg8 53. h7+ Kh8 54. Bd6 {Accuracy: White = 61%, Black = 37%.} 1-0